Представление документа в формате RUSMARC

Поле Инд. ПП Название Значение
Тип записи a
Библиографический уровень a
001 Контрольный номер d738cf0910464a1f97df339559904627
005 Дата корректировки 20181128132604.3
100 a Данные общей обработки 20181128 ||| 0rusy0189 ca
101 0_ a Язык текста rus
102 a Страна публикации RU
200 1_ f Первые сведения об ответственности С.И. Князькин
a Заглавие Правовая природа ограниченной доступности проверочных судебных инстанций в цивилистическом процессе
b Общее обозначение материала Текст
210 1_ d Дата издания 2017
461 _0 1 2000
a Арбитражный и гражданский процесс
463 _0 1 2000
a № 8
v С. 42-46
1 2101
d 2017
1 001f32c9578123240e1b8167f10d99803e5
606 a Основная рубрика Гражданское процессуальное право
610 0_ a Ключевые слова РГУП
a Ключевые слова КАССАЦИОННОЕ ПРОИЗВОДСТВО
a Ключевые слова НАДЗОРНОЕ ПРОИЗВОДСТВО
a Ключевые слова ПЕРЕСМОТР СУДЕБНЫХ АКТОВ
a Ключевые слова КОНТРОЛЬ СУДЕБНЫЙ
700 _1 a Фамилия Князькин
b Имя С.И.
801 _0 a Страна RU
b Организация РГУП
c Дата составления 20181128
g Правила каталогизации PSBO
801 _1 a Страна RU
b Организация РГУП
c Дата составления 20181128
g Правила каталогизации PSBO
901 t Тип документа b
w Контрольный № источника f32c9578123240e1b8167f10d99803e5
905 a Дата ввода 20181128